000 01237nam a2200301 a 4500
001 000005052
003 DO-SdBNP
005 20250409122709.0
007 ta
008 090729s1981 dr 000 0 spa d
040 _aDO-SdBNP
_bspa
_cBNPHU
041 _hspa
082 4 _a338.17361
_bS471i
_222
111 2 _aSeminario Nacional la Industria Azucarera y el Desarrollo Dominicano
_d(1980 :
_cSan Pedro de Macorís)
_914535
245 1 3 _aLa industria azucarera y el desarrollo nacional /
_cpresentación José del Castillo.
260 _aSan Pedro de Macorís, R.D. :
_bUCE,
_c1981.
300 _a273 p. ;
_c24 cm.
500 _aIncluye bibliografía al final de los capítulos.
590 _aInventariado,2018/DG
650 4 _aIndustria azucarera
_zRepública Dominicana
_xCongresos, conferencias, etc.
_97356
650 4 _aAzucar
_xComercio
_xCongresos, conferencias, etc.
_914536
650 4 _aCaña de azucar
_zRepública Dominicana
_xCongresos, conferencias, etc.
_914537
700 1 2 _aCastillo, José, del
_92145
_epresent.
710 1 _aUniversidad Central del Este
_937229
710 2 _aAsociación de Tecnólogos Azucareros de la República Dominicana
_914539
910 _aValidado. Control de calidad MFF
942 _2ddc
_cLBS1
999 _c4857
_d4857